[Event "16. Bayer Open"]
[Site "Leverkusen"]
[Date "2018.03.19"]
[Round "7.19"]
[White "Schimpf, Rolf"]
[Black "Diaubalick, Ulrich"]
[Result "0-1"]
[WhiteElo "1936"]
[BlackElo "1623"]
[PlyCount "94"]
[EventDate "2018.??.??"]
[WhiteTeam "SC Bayer Leverkusen"]
[BlackTeam "SF Düsseldorf-Süd"]

1. c4 Nf6 2. Nc3 g6 3. g3 Bg7 4. Bg2 c6 5. e4 d6 6. Nge2 Nbd7 7. O-O O-O 8. h3
Qc7 9. d3 b6 10. Be3 Bb7 11. f4 Rad8 12. Qd2 Rfe8 13. Rf2 Nc5 14. d4 Na6 15. f5
d5 16. cxd5 cxd5 17. e5 Ne4 18. Nxe4 dxe4 19. fxg6 fxg6 20. Rc1 Qd7 21. Nc3 Rf8
22. Rcf1 Rxf2 23. Rxf2 Nc7 24. Qc2 Nd5 25. Nxd5 Qxd5 26. b3 Qc6 27. Qd2 Bxe5
28. Qb4 Bxg3 29. Rf1 Qd6 30. Qc4+ Bd5 31. Qe2 Bh4 32. Bf4 Qc6 33. Be5 Bf6 34.
Re1 Bxe5 35. dxe5 Qc5+ 36. Kh1 Qd4 37. Bxe4 Qxe5 38. Bxd5+ Qxd5+ 39. Kg1 Qc5+
40. Kh2 Qd6+ 41. Kh1 Rd7 42. Qc4+ Kg7 43. Qc3+ Qf6 44. Qc4 Qf3+ 45. Kg1 Qg3+
46. Kf1 Qxh3+ 47. Ke2 Qg2+ 0-1

[Event "16. Bayer Open"]
[Site "Leverkusen"]
[Date "2018.03.19"]
[Round "7.20"]
[White "Alexopoulos, Spiros Orestis"]
[Black "Kronseder, Michael"]
[Result "1-0"]
[WhiteElo "1947"]
[BlackElo "1763"]
[PlyCount "59"]
[EventDate "2018.??.??"]
[WhiteTeam "Aachener SV"]
[BlackTeam "SV Hürth-Berrenrath"]

1. e4 c5 2. Nf3 g6 3. d4 cxd4 4. Nxd4 Nc6 5. c4 Nf6 6. Nc3 Bg7 7. Nc2 d6 8. Be2
Be6 9. f3 Rc8 10. Na3 O-O 11. Be3 Qa5 12. Rc1 Ne5 13. Qb3 Nfd7 14. O-O Nc5 15.
Qd1 Bd7 16. Qd2 Rfe8 17. Kh1 Na4 18. Nxa4 Qxd2 19. Bxd2 Bxa4 20. b3 Bd7 21. Bc3
Nc6 22. Bxg7 Kxg7 23. Nc2 Rc7 24. Rfd1 Rec8 25. Ne3 Be6 26. f4 f5 27. exf5 gxf5
28. Bf3 Nb4 29. a3 Na6 30. Bd5 1-0

[Event "16. Bayer Open"]
[Site "Leverkusen"]
[Date "2018.03.19"]
[Round "7.21"]
[White "Elshani, Shaip"]
[Black "Gutt, Oswald"]
[Result "0-1"]
[WhiteElo "1752"]
[BlackElo "1890"]
[PlyCount "64"]
[EventDate "2018.??.??"]
[WhiteTeam "SC Bayer Leverkusen"]
[BlackTeam "Bergische SF"]

1. d4 d5 2. e3 Nf6 3. Nf3 g6 4. h3 Bg7 5. c4 O-O 6. Be2 b6 7. O-O Bb7 8. Nc3
Nbd7 9. Rb1 c5 10. dxc5 Nxc5 11. b4 Nce4 12. Bb2 Rc8 13. Qb3 Nxc3 14. Bxc3 dxc4
15. Qc2 Be4 16. Qa4 Bxb1 17. Rxb1 Qd7 18. b5 Qf5 19. Re1 Ne4 20. Bxg7 Kxg7 21.
Bxc4 Rfd8 22. Bb3 Rc7 23. Bc2 Nc5 24. Qc4 Qf6 25. e4 Ne6 26. Qe2 Nf4 27. Qe3
Rxc2 28. e5 Qf5 29. g4 Nxh3+ 30. Kh2 Qxg4 31. Rf1 Nf4 32. Ne1 Rd3 0-1

[Event "16. Bayer Open"]
[Site "Leverkusen"]
[Date "2018.03.19"]
[Round "7.22"]
[White "Pützkaul, Karl"]
[Black "Skiber, Friedel"]
[Result "0-1"]
[WhiteElo "1881"]
[BlackElo "1695"]
[PlyCount "106"]
[EventDate "2018.??.??"]
[WhiteTeam "SC Bayer Leverkusen"]
[BlackTeam "SG Solingen"]

1. d4 g6 2. Nf3 Bg7 3. c4 d6 4. g3 Nf6 5. Bg2 O-O 6. O-O Nbd7 7. Nc3 a6 8. e4
e5 9. h3 exd4 10. Nxd4 Ne5 11. b3 c5 12. Nc2 Ne8 13. Bb2 b5 14. cxb5 axb5 15.
f4 b4 16. Nd5 Nf3+ 17. Qxf3 Bxb2 18. Rad1 Rxa2 19. f5 f6 20. Nce3 Bd4 21. Kh1
Kg7 22. g4 g5 23. Nc4 Nc7 24. Nxc7 Qxc7 25. Ne3 Bxe3 26. Qxe3 Bb7 27. Rf2 Rxf2
28. Qxf2 Re8 29. Qc2 Qe7 30. Re1 Qe5 31. Qc4 Ra8 32. Qb5 Qe7 33. Qe2 Re8 34.
Kg1 d5 35. h4 gxh4 36. Qd2 dxe4 37. Rd1 Bc6 38. Qd6 Bb5 39. Qxe7+ Rxe7 40. Bf1
Rd7 41. Rxd7+ Bxd7 42. Bc4 Bc6 43. Kf2 Kf8 44. Ke3 Ke7 45. Bf1 Kd6 46. Bg2 Ke5
47. Bh1 Bb5 48. Bxe4 c4 49. bxc4 Bxc4 50. Bb1 b3 51. Be4 Bd5 52. Bb1 b2 53. Bd3
Ba2 0-1

[Event "16. Bayer Open"]
[Site "Leverkusen"]
[Date "2018.03.19"]
[Round "7.23"]
[White "Elsweiler, Karl-Heinz"]
[Black "Riesen, Peter"]
[Result "1/2-1/2"]
[WhiteElo "1738"]
[BlackElo "1864"]
[PlyCount "115"]
[EventDate "2018.??.??"]
[WhiteTeam "SV Opladen"]
[BlackTeam "Klub Kölner SF"]

1. Nf3 Nf6 2. g3 g6 3. Bg2 Bg7 4. d4 d5 5. O-O O-O 6. Re1 c6 7. Nbd2 Nbd7 8. c3
Re8 9. e4 Nxe4 10. Nxe4 dxe4 11. Rxe4 Nf6 12. Re1 Bg4 13. Qb3 Qc8 14. Ng5 e6
15. h3 h6 16. Nxf7 Kxf7 17. hxg4 Nxg4 18. Bh3 Nf6 19. Bd2 Nd5 20. c4 Nc7 21.
Qf3+ Kg8 22. Qd3 Kh7 23. Re2 Qd7 24. Bc3 Rad8 25. Rd1 Qf7 26. Qc2 c5 27. dxc5
Rxd1+ 28. Qxd1 Bxc3 29. bxc3 e5 30. Rd2 e4 31. Rd7 Re7 32. Rxe7 Qxe7 33. Qd7
Qxd7 34. Bxd7 Na6 35. c6 bxc6 36. Bxc6 Nc5 37. Kf1 Kg7 38. Ke2 Kf6 39. Ke3 Ke5
40. Be8 g5 41. Bc6 h5 42. f3 exf3 43. Bxf3 h4 44. gxh4 gxh4 45. Bg2 Ne6 46. c5
Nxc5 47. Kf3 Ne4 48. Kg4 Nxc3 49. Kxh4 Nxa2 50. Kg3 Kd4 51. Kf2 Kd3 52. Bc6 a5
53. Be8 Nc3 54. Ke1 Kc2 55. Bd7 Nd5 56. Ba4+ Kc3 57. Kd1 Kb4 58. Bd7 1/2-1/2

[Event "16. Bayer Open"]
[Site "Leverkusen"]
[Date "2018.03.19"]
[Round "7.24"]
[White "Janssen, Wolfgang"]
[Black "Reif, Frank"]
[Result "0-1"]
[WhiteElo "1674"]
[BlackElo "1845"]
[PlyCount "65"]
[EventDate "2018.??.??"]
[WhiteTeam "SV Dormagen"]
[BlackTeam "TV Witzhelden"]

1. e4 e5 2. Nf3 Nc6 3. d3 Nf6 4. Bg5 Bc5 5. Be2 d6 6. O-O h6 7. Be3 Bb6 8. h3
g5 9. Nh2 Be6 10. Nd2 d5 11. Bxb6 axb6 12. exd5 Nxd5 13. Bf3 Qe7 14. Re1 O-O-O
15. Nc4 f6 16. Ne3 Qf7 17. Nxd5 Bxd5 18. Bxd5 Rxd5 19. Qf3 Rd6 20. Ng4 Nd4 21.
Qd1 h5 22. Ne3 Qg6 23. Nc4 Rdd8 24. c3 Nc6 25. Re4 Kb8 26. Qe2 Rhg8 27. Rd1 g4
28. h4 Ne7 29. g3 Nc6 30. a4 Rd7 31. b4 Rgd8 32. b5 Ne7 33. Nb2 0-1

[Event "16. Bayer Open"]
[Site "Leverkusen"]
[Date "2018.03.19"]
[Round "7.26"]
[White "Plitzner, Hans Joachim"]
[Black "Rudolph, Eva"]
[Result "1-0"]
[WhiteElo "1581"]
[BlackElo "1757"]
[PlyCount "75"]
[EventDate "2018.??.??"]
[WhiteTeam "Kölner SK Dr. Lasker"]
[BlackTeam "Düsseldorfer SK"]

1. d4 d5 2. Nf3 e6 3. e3 Nf6 4. Bd3 c5 5. c3 Nc6 6. Nbd2 Bd6 7. e4 cxd4 8. cxd4
dxe4 9. Nxe4 Be7 10. O-O O-O 11. Ng3 Qb6 12. b3 Rd8 13. Bb2 Nd5 14. Rc1 Bf6 15.
Ne4 Be7 16. Re1 Bd7 17. Nc5 Rac8 18. Bb1 Be8 19. Qd3 Nf6 20. Qe3 Nb8 21. Ne5
Bc6 22. Nxf7 Rf8 23. Qxe6 Rxf7 24. Qxc8+ Qd8 25. Qxd8+ Bxd8 26. Ne6 Bb6 27. Re2
Nbd7 28. Rce1 Ba5 29. Rd1 Bb5 30. Rc2 Bc6 31. Ba3 Bb6 32. Ng5 Rf8 33. Bxf8 Nxf8
34. Re2 Bb5 35. Re7 Bc6 36. Bf5 Bd5 37. Be6+ Bxe6 38. Nxe6 1-0

[Event "16. Bayer Open"]
[Site "Leverkusen"]
[Date "2018.03.19"]
[Round "7.27"]
[White "Nölle, Michael"]
[Black "Blomeyer, Peter"]
[Result "0-1"]
[WhiteElo "1471"]
[BlackElo "1794"]
[PlyCount "54"]
[EventDate "2018.??.??"]
[WhiteTeam "SF Schlebusch"]
[BlackTeam "Königsspringer Leverkusen"]

1. c4 d6 2. Nc3 g6 3. d4 Bg7 4. Nf3 Nf6 5. e4 c6 6. Bd3 Qc7 7. O-O e5 8. d5 O-O
9. h3 a5 10. Be3 Re8 11. Qb3 Nbd7 12. a4 Nh5 13. g3 Nf8 14. Kh2 Bd7 15. Ne2
Rab8 16. Rg1 f5 17. c5 Kh8 18. Ng5 Re7 19. Qc4 h6 20. dxc6 bxc6 21. Nf7+ Kh7
22. Nxd6 f4 23. gxf4 exf4 24. Nxf4 Be5 25. Qc1 Ne6 26. Rg4 Nexf4 27. Rxf4 Rf8
0-1

[Event "16. Bayer Open"]
[Site "Leverkusen"]
[Date "2018.03.19"]
[Round "7.29"]
[White "Grah, Ulrich"]
[Black "Becker, Johann"]
[Result "0-1"]
[WhiteElo "2013"]
[BlackElo "1691"]
[PlyCount "40"]
[EventDate "2018.??.??"]
[WhiteTeam "SG Solingen"]
[BlackTeam "TV Witzhelden"]

1. e4 c5 2. Nf3 g6 3. d4 cxd4 4. Nxd4 Bg7 5. Nc3 Nc6 6. Be3 Nf6 7. Be2 d6 8.
O-O O-O 9. Kh1 a6 10. Nb3 Be6 11. f4 Qd7 12. Qd2 b5 13. Bf3 Bg4 14. e5 dxe5 15.
Qxd7 Bxd7 16. fxe5 Ng4 17. Bxg4 Bxg4 18. h3 Bf5 19. Nd4 Nxd4 20. Bxd4 Rfd8 0-1

[Event "16. Bayer Open"]
[Site "Leverkusen"]
[Date "2018.03.19"]
[Round "7.30"]
[White "Breuer, Achim"]
[Black "Beyer, Fabian"]
[Result "0-1"]
[WhiteElo "1584"]
[BlackElo "1908"]
[PlyCount "50"]
[EventDate "2018.??.??"]
[WhiteTeam "SV Dormagen"]
[BlackTeam "SG Solingen"]

1. d4 Nf6 2. c4 e5 3. d5 Bc5 4. Bg5 Bxf2+ 5. Kd2 Ne4+ 6. Kc2 Nxg5 7. Nf3 d6 8.
Nbd2 Bf5+ 9. Kc3 e4 10. h4 Qf6+ 11. Kb3 Nxf3 12. exf3 e3 13. Ne4 Bxe4 14. fxe4
Nd7 15. Bd3 Nc5+ 16. Kc2 Qd4 17. a3 O-O 18. h5 Nxd3 19. Qg4 Nc5 20. Qh3 Qxc4+
21. Kb1 Qxe4+ 22. Ka2 Qxd5+ 23. Kb1 Qd3+ 24. Ka2 Qb3+ 25. Kb1 Na4 0-1

[Event "16. Bayer Open"]
[Site "Leverkusen"]
[Date "2018.03.19"]
[Round "7.32"]
[White "Witte, Volker"]
[Black "Reinartz, Ulrich"]
[Result "1-0"]
[WhiteElo "1836"]
[BlackElo "1624"]
[PlyCount "45"]
[EventDate "2018.??.??"]
[WhiteTeam "SF Schlebusch"]
[BlackTeam "TV Witzhelden"]

1. d4 Nf6 2. c4 e6 3. Nc3 Bb4 4. Qc2 d5 5. cxd5 exd5 6. Bf4 O-O 7. e3 c6 8. Bd3
Re8 9. Nge2 Be6 10. h3 Nbd7 11. g4 h6 12. O-O-O c5 13. Kb1 c4 14. Bf5 g5 15.
Bg3 Qe7 16. Bxe6 Qxe6 17. Nb5 Ba5 18. Nd6 Rf8 19. Nxb7 Bb6 20. Nc3 Qc6 21. Nd6
Bc7 22. Nf5 Bxg3 23. Ne7+ 1-0

[Event "16. Bayer Open"]
[Site "Leverkusen"]
[Date "2018.03.19"]
[Round "7.33"]
[White "Hasanovic, Huzeir"]
[Black "Kuhn, Andreas"]
[Result "0-1"]
[WhiteElo "1496"]
[BlackElo "1835"]
[PlyCount "74"]
[EventDate "2018.??.??"]
[WhiteTeam "SV Opladen"]
[BlackTeam "SG Niederkassel"]

1. e4 Nf6 2. e5 Nd5 3. d4 d6 4. c4 Nb6 5. f4 dxe5 6. fxe5 Nc6 7. Nf3 Bg4 8. Be3
e6 9. a3 Qd7 10. Nc3 O-O-O 11. Be2 Bxf3 12. Bxf3 Nxd4 13. O-O Bc5 14. Kh1 Nxc4
15. Bg1 Nxe5 16. Ne4 Bb6 17. Bh5 f5 18. Nc3 g6 19. Be2 Nxe2 20. Qxe2 Bxg1 21.
Rxg1 Nd3 22. Rad1 e5 23. Rd2 Rhe8 24. Rgd1 e4 25. Qe3 Kb8 26. a4 Qd4 27. Qg3
Qc5 28. Nb5 a6 29. b4 Qc6 30. Na3 Qxa4 31. Nc2 Qc6 32. Qe3 f4 33. Qg1 Qc4 34.
Ne1 Qb5 35. Nxd3 e3 36. Ra2 Rxd3 37. Rda1 Red8 0-1

[Event "16. Bayer Open"]
[Site "Leverkusen"]
[Date "2018.03.19"]
[Round "7.34"]
[White "Roder, Stephan"]
[Black "Gülden, Ralf"]
[Result "1/2-1/2"]
[WhiteElo "1399"]
[BlackElo "1722"]
[PlyCount "61"]
[EventDate "2018.??.??"]
[WhiteTeam "Bergische SF"]
[BlackTeam "Königsspringer Leverkusen"]

1. e4 c5 2. Nf3 e6 3. d4 cxd4 4. Nxd4 Nf6 5. Nc3 g6 6. Be3 Bg7 7. Bd3 O-O 8. f3
a6 9. Qd2 b5 10. Bh6 Bb7 11. Bxg7 Kxg7 12. g4 e5 13. Nde2 d5 14. Ng3 dxe4 15.
Ncxe4 Bxe4 16. Nxe4 Nxe4 17. Bxe4 Qxd2+ 18. Kxd2 Rd8+ 19. Ke3 Ra7 20. Rhd1 Rad7
21. Rd3 Rxd3+ 22. cxd3 Rc8 23. Kd2 Rc7 24. a4 b4 25. a5 Rc5 26. Ra4 Nc6 27.
Bxc6 Rxc6 28. Rxb4 Rc5 29. Ra4 Kf6 30. h4 Ke6 31. g5 1/2-1/2

[Event "16. Bayer Open"]
[Site "Leverkusen"]
[Date "2018.03.19"]
[Round "7.36"]
[White "Baier, Uwe"]
[Black "Esser, Heinz"]
[Result "1-0"]
[WhiteElo "1834"]
[BlackElo "1582"]
[PlyCount "60"]
[EventDate "2018.??.??"]
[WhiteTeam "Schachuzipus Köln-Mülheim"]
[BlackTeam "SV Dormagen"]

1. e4 c5 2. Nc3 d6 3. f4 a6 4. Nf3 Nf6 5. Be2 g6 6. O-O Bg7 7. d3 Nc6 8. Qe1
Nb4 9. Bd1 b5 10. Bd2 Nc6 11. Ne2 c4 12. e5 dxe5 13. fxe5 Ng4 14. d4 Qb6 15.
Kh1 O-O 16. c3 b4 17. Qh4 h5 18. Bc2 Nh6 19. Ng3 Nd8 20. Nxh5 gxh5 21. Qxh5 Bg4
22. Qh4 f5 23. h3 Bxf3 24. Rxf3 Qg6 25. g4 e6 26. Rg1 Qh7 27. g5 Nhf7 28. Qf4
Nh8 29. Qh2 Ng6 30. h4 Qxh4 1-0

[Event "16. Bayer Open"]
[Site "Leverkusen"]
[Date "2018.03.19"]
[Round "7.37"]
[White "Büttgenbach, Uwe Eugen"]
[Black "Bigott, Martin"]
[Result "1-0"]
[WhiteElo "1505"]
[BlackElo "1807"]
[PlyCount "55"]
[EventDate "2018.??.??"]
[WhiteTeam "Ronsdorfer SV"]
[BlackTeam "SF Lohmar"]

1. e4 Nf6 2. d3 d6 3. Be2 g6 4. Be3 Bg7 5. Nc3 b6 6. Qd2 Bb7 7. Nh3 d5 8. d4
dxe4 9. O-O-O O-O 10. g4 Na6 11. Nf4 Nb4 12. h4 Nbd5 13. Nfxd5 Nxd5 14. Nxd5
Qxd5 15. Kb1 a5 16. h5 e5 17. hxg6 hxg6 18. c4 Qd7 19. d5 f6 20. Bh6 g5 21. Qe3
Bxh6 22. Rxh6 Kg7 23. Rdh1 Rh8 24. Qh3 Qe8 25. Rh7+ Rxh7 26. Qxh7+ Kf8 27. Qh8+
Ke7 28. Rh7+ 1-0

[Event "16. Bayer Open"]
[Site "Leverkusen"]
[Date "2018.03.19"]
[Round "7.38"]
[White "Multhauf, Stefan"]
[Black "Azimi, Reza"]
[Result "1-0"]
[WhiteElo "1664"]
[BlackElo "1546"]
[PlyCount "63"]
[EventDate "2018.??.??"]
[WhiteTeam "Königsspringer Leverkusen"]
[BlackTeam "Schachuzipus Köln-Mülheim"]

1. d4 d5 2. Bf4 c6 3. c3 Nd7 4. Nd2 Ngf6 5. e3 g6 6. Be2 Bg7 7. Ngf3 Nh5 8. Bg3
Nxg3 9. hxg3 Nf6 10. Ne5 e6 11. Bd3 Qb6 12. Qb3 Qc7 13. Qd1 Nd7 14. f4 Nxe5 15.
fxe5 f6 16. Nf3 fxe5 17. Nxe5 Bxe5 18. dxe5 Qxe5 19. Qe2 Qxg3+ 20. Kd2 Bd7 21.
Rh3 Qc7 22. Bxg6+ Ke7 23. Rxh7+ Rxh7 24. Bxh7 Rh8 25. Bd3 Rh2 26. Qg4 Be8 27.
Rf1 Kd7 28. Rf6 Qd6 29. Bf5 Bh5 30. Qg7+ Qe7 31. Bxe6+ Kd6 32. Bh3+ 1-0

[Event "16. Bayer Open"]
[Site "Leverkusen"]
[Date "2018.03.19"]
[Round "7.39"]
[White "Teuber, Alfons"]
[Black "Yon, Gregory"]
[Result "0-1"]
[WhiteElo "1228"]
[BlackElo "1621"]
[PlyCount "112"]
[EventDate "2018.??.??"]
[WhiteTeam "BSW Opladen"]
[BlackTeam "Bergische SF"]

1. c4 d6 2. Nc3 Nf6 3. Nf3 Nbd7 4. d4 e5 5. dxe5 dxe5 6. e4 c6 7. Bg5 Be7 8.
Be2 Qc7 9. b4 a5 10. a3 h6 11. Bxf6 Nxf6 12. c5 O-O 13. O-O Be6 14. Qc2 Rfd8
15. Na4 axb4 16. axb4 Nd7 17. Rfd1 b5 18. Nb6 Rxa1 19. Rxa1 Nxb6 20. cxb6 Qxb6
21. Rb1 Bf6 22. g3 Ra8 23. Kg2 Ra2 24. Rb2 Qa6 25. Rxa2 Qxa2 26. Qxa2 Bxa2 27.
h4 Be6 28. Nd2 Be7 29. Nf3 f6 30. Nh2 Bh3+ 31. Kxh3 Bxb4 32. Kg4 Be1 33. f4 b4
34. Bc4+ Kf8 35. f5 c5 36. Kf3 h5 37. Kg2 Ke7 38. Kh3 Kd6 39. g4 hxg4+ 40. Kxg4
Bd2 41. h5 Kc6 42. Kf3 Kb6 43. Ke2 Bc3 44. Kd1 Ka5 45. Kc2 Ka4 46. Ba2 Kb5 47.
Kd3 Ka4 48. Kc2 Bd4 49. Kd3 Ka3 50. Bc4 b3 51. Kd2 b2 52. Bd3 c4 53. Bb1 Kb3
54. Bc2+ Ka2 55. Kd1 b1=Q+ 56. Bxb1+ Kxb1 0-1

[Event "16. Bayer Open"]
[Site "Leverkusen"]
[Date "2018.03.19"]
[Round "7.41"]
[White "Longerich, Hans-Peter"]
[Black "Klees, Robert"]
[Result "1/2-1/2"]
[WhiteElo "1551"]
[BlackElo "1575"]
[PlyCount "38"]
[EventDate "2018.??.??"]
[WhiteTeam "SC Bayer Leverkusen"]
[BlackTeam "SF Düsseldorf-Süd"]

1. e4 e5 2. Nf3 Nc6 3. Bb5 Nf6 4. Nc3 Bc5 5. O-O d6 6. h3 Bd7 7. d3 a6 8. Ba4
b5 9. Bb3 Na5 10. Nd5 Nxb3 11. Nxf6+ Qxf6 12. axb3 Qg6 13. Nh4 Qg3 14. Nf5 Bxf5
15. exf5 g6 16. c3 Qh4 17. Qf3 Kd7 18. Be3 Bxe3 19. fxe3 Qf6 1/2-1/2

[Event "16. Bayer Open"]
[Site "Leverkusen"]
[Date "2018.03.19"]
[Round "7.42"]
[White "Balduan, Karl-Heinz"]
[Black "Kolleck, Wolf-Dietrich"]
[Result "1/2-1/2"]
[WhiteElo "1600"]
[BlackElo "1546"]
[PlyCount "55"]
[EventDate "2018.??.??"]
[WhiteTeam "Königsspringer Leverkusen"]
[BlackTeam "SC Bayer Leverkusen"]

1. d4 d5 2. Nf3 e6 3. Bf4 Nf6 4. h3 h6 5. e3 Bd6 6. Ne5 O-O 7. g4 Ne4 8. Bd3 b6
9. h4 Be7 10. Bxe4 dxe4 11. g5 g6 12. gxh6 Nd7 13. Nxd7 Bxd7 14. Qg4 e5 15. Qg3
exf4 16. Qxf4 Bf5 17. Nd2 Bd6 18. Qg5 Qxg5 19. hxg5 Kh7 20. O-O-O f6 21. f4
exf3 22. e4 Bg4 23. gxf6 Bf4 24. e5 Rad8 25. c3 c5 26. Rh4 Bxd2+ 27. Rxd2 Be6
28. b3 1/2-1/2

[Event "16. Bayer Open"]
[Site "Leverkusen"]
[Date "2018.03.19"]
[Round "7.43"]
[White "Hoferichter, Michael"]
[Black "Garcia Unterbusch, Juan"]
[Result "0-1"]
[WhiteElo "1569"]
[BlackElo "1456"]
[PlyCount "80"]
[EventDate "2018.??.??"]
[WhiteTeam "Klub Kölner SF"]
[BlackTeam "Pulheimer SC"]

1. d4 Nf6 2. c4 g6 3. Nc3 Bg7 4. e4 d6 5. f3 O-O 6. Be3 Nbd7 7. Bd3 e5 8. Nge2
a5 9. O-O exd4 10. Nxd4 Nc5 11. a3 Bd7 12. Bc2 Qe7 13. Nd5 Nxd5 14. cxd5 f5 15.
Re1 fxe4 16. Qd2 exf3 17. Nxf3 Qf6 18. Bd4 Qf4 19. Qxf4 Rxf4 20. Bxg7 Kxg7 21.
Re7+ Rf7 22. Rae1 Kf8 23. Rxf7+ Kxf7 24. Ng5+ Kg7 25. Ne6+ Bxe6 26. dxe6 Re8
27. b4 axb4 28. axb4 Rxe6 29. Rf1 Nd7 30. Bb3 Rf6 31. Re1 Ne5 32. h3 c6 33. Kh2
Kf8 34. Ra1 b5 35. Ra8+ Kg7 36. Rg8+ Kh6 37. Kg3 d5 38. Kh4 Nf7 39. g4 Rf4 40.
Bc2 g5+ 0-1